LEADER 00539naa a2200145 i 4500 001 000000300905 003 CaOOAMICUS 005 20180831172712.0 008 180831n xx u000 u und u 013 $a8627 040 $aSeMil$bita 100 1 $aKruse, Torsten.$0(OLS)http://semarc/name/16093 245 10$aArs moriendi :$bAufgabe und Möglichkeit der Medizin. 773 0 $tArs moriendi.$dFreiburg ; Basel ; Wien : Herder, 1989.$z3-451-02118-8$w()34919 996 $6245$aArs moriendi :$bAufgabe und Möglichkeit der Medizin$9(OLS)http://semarc/title/376919 LEADER 00463nab a2200145 i 4500 001 000000311528 003 CaOOAMICUS 005 20180831173035.0 008 180831n xx uu u0 0und r 013 $a20616 040 $aSeMil$bita 100 1 $aGemelli, Agostino,$c.$0(OLS)http://semarc/name/2238 245 12$aL?uomo prequaternario. 773 0 $t[Luglio-Dicembre].$g438-440$w()274191 996 $6245$aL?uomo prequaternario$9(OLS)http://semarc/title/386123